000 00188nam a2200085Ia 4500
008 211105s9999 xx 000 0 und d
020 _a"
100 _a PITT, I.
_9125613
245 0 _aPERONS
999 _c595437
_d595436